|
|
|
|
| LEADER |
00000cam a22000002c 4500 |
| 001 |
1840061308 |
| 003 |
DE-627 |
| 005 |
20250702091858.0 |
| 007 |
cr uuu---uuuuu |
| 008 |
230324s2006 xx |||||o 00| ||eng c |
| 024 |
7 |
|
|a 10.3886/ICPSR13628.v1
|2 doi
|
| 035 |
|
|
|a (DE-627)1840061308
|
| 035 |
|
|
|a (DE-599)KXP1840061308
|
| 040 |
|
|
|a DE-627
|b ger
|c DE-627
|e rda
|
| 041 |
|
|
|a eng
|
| 084 |
|
|
|a 2,1
|2 ssgn
|
| 100 |
1 |
|
|a Earls, Felton J.
|e VerfasserIn
|4 aut
|
| 245 |
1 |
0 |
|a Project on Human Development in Chicago Neighborhoods (PHDCN): Household Composition, Wave 2, 1997-2000
|
| 264 |
|
1 |
|a [Erscheinungsort nicht ermittelbar]
|b [Verlag nicht ermittelbar]
|c 2006
|
| 336 |
|
|
|a Text
|b txt
|2 rdacontent
|
| 337 |
|
|
|a Computermedien
|b c
|2 rdamedia
|
| 338 |
|
|
|a Online-Ressource
|b cr
|2 rdacarrier
|
| 520 |
|
|
|a The Project on Human Development in Chicago Neighborhoods (PHDCN) was a large-scale, interdisciplinary study of how families, schools, and neighborhoods affect child and adolescent development. One component of the PHDCN was the Longitudinal Cohort Study, which was a series of coordinated longitudinal studies that followed over 6,000 randomly selected children, adolescents, and young adults, and their primary caregivers over time to examine the changing circumstances of their lives, as well as the personal characteristics, that might lead them toward or away from a variety of antisocial behaviors. Numerous measures were administered to respondents to gauge various aspects of human development, including individual differences, as well as family, peer, and school influences. One such measure was the Household Composition listing, administered to either the primary caregivers of subjects belonging to Cohorts 0 to 15, or to the subjects belonging to Cohort 18. It obtained basic information on the composition of the subject's household and included each household member's age, gender, and relationship to the subject. In Wave 1, this information was incorporated into the Family Structure and Health History (PROJECT ON HUMAN DEVELOPMENT IN CHICAGO NEIGHBORHOODS (PHDCN): FAMILY STRUCTURE AND HEALTH HISTORY, WAVE 1, 1994-1997 [ICPSR 13592]).
|
| 540 |
|
|
|a ICPSR Terms of Use
|
| 650 |
|
4 |
|a Adolescents
|
| 650 |
|
4 |
|a Caregivers
|
| 650 |
|
4 |
|a Child Development
|
| 650 |
|
4 |
|a Childhood
|
| 650 |
|
4 |
|a Family Relations
|
| 650 |
|
4 |
|a Family relationships
|
| 650 |
|
4 |
|a Family Structure
|
| 650 |
|
4 |
|a household composition
|
| 650 |
|
4 |
|a Neighborhoods
|
| 650 |
|
4 |
|a Social Behavior
|
| 655 |
|
7 |
|a Forschungsdaten
|0 (DE-588)1098579690
|0 (DE-627)857755366
|0 (DE-576)469182156
|2 gnd-content
|
| 700 |
1 |
|
|a Brooks-Gunn, Jeanne
|e MitwirkendeR
|4 ctb
|
| 700 |
1 |
|
|a Raudenbush, Stephen W.
|e MitwirkendeR
|4 ctb
|
| 700 |
1 |
|
|a Sampson, Robert J.
|e MitwirkendeR
|4 ctb
|
| 787 |
0 |
8 |
|i Forschungsdaten zu
|a Nicholson, David F.
|t Disadvantaged Neighborhoods and Fear of Crime: Does Family Structure Matter
|d [Erscheinungsort nicht ermittelbar] : University of Oklahoma, 2010
|w (DE-627)1912514982
|
| 787 |
0 |
8 |
|i Forschungsdaten zu
|a Gibson, Chris L.
|t 'Does it take a village?' Assessing neighborhood influences on children's self-control
|d 2010
|w (DE-627)1912518589
|
| 787 |
0 |
8 |
|i Forschungsdaten zu
|a Stritzel, Haley
|t Family structure and secondary exposure to violence in the context of varying neighborhood risks and resources
|d 2021
|w (DE-627)1912555786
|
| 787 |
0 |
8 |
|i Forschungsdaten zu
|a Zimmerman, Gregory M.
|t Impulsivity, Offending, and the Neighborhood: Investigating the Person-Context Nexus
|d [Erscheinungsort nicht ermittelbar] : State University of New York, Albany, 2009
|w (DE-627)1912587246
|
| 787 |
0 |
8 |
|i Forschungsdaten zu
|a Burchinal, Margaret
|t Neighborhood characteristics, and child care type and quality
|d 2008
|w (DE-627)1912633450
|
| 787 |
0 |
8 |
|i Forschungsdaten zu
|a Jain, Sonia
|t Protective factors for youth exposed to violence: Role of developmental assets in building emotional resilience
|d 2012
|w (DE-627)1912668742
|
| 856 |
4 |
0 |
|u https://doi.org/10.3886/ICPSR13628.v1
|x Resolving-System
|z kostenfrei
|3 Volltext
|7 0
|
| 935 |
|
|
|a mkri
|
| 951 |
|
|
|a BO
|
| ELC |
|
|
|a 1
|
| LOK |
|
|
|0 000 xxxxxcx a22 zn 4500
|
| LOK |
|
|
|0 001 429680894X
|
| LOK |
|
|
|0 003 DE-627
|
| LOK |
|
|
|0 004 1840061308
|
| LOK |
|
|
|0 005 20230324125309
|
| LOK |
|
|
|0 008 230324||||||||||||||||ger|||||||
|
| LOK |
|
|
|0 035
|a (DE-2619)ICPSR13628
|
| LOK |
|
|
|0 040
|a DE-2619
|c DE-627
|d DE-2619
|
| LOK |
|
|
|0 092
|o n
|
| LOK |
|
|
|0 852
|a DE-2619
|
| LOK |
|
|
|0 852 1
|9 00
|
| LOK |
|
|
|0 935
|a foda
|a nacj
|
| LOK |
|
|
|0 939
|a 24-03-23
|b l01
|
| OAS |
|
|
|a 1
|
| ORI |
|
|
|a SA-MARC-krimdoka001.raw
|